ბათუმის შოთა რუსთაველის სახელმწიფო უნივერსიტეტის ბიბლიოთეკა

გივი ინწკირველი 70 : (ბიბ.ჩანაწერი № 59551)

000 -ლიდერი
ფიქსირებული სიგრძის საკონტროლო ველი 01100nam a22002057a 4500
003 - საკონტროლო ნომრის იდენტიფიკატორი
საკონტროლო ველი Ge_BSU
005 - ბოლო ოპერაციის თარიღი და დრო
საკონტროლო ველი 20230314110958.0
008 - ფიქსირებული სიგრძის მონაცემთა ელემენტები - ზოგადი ინფორმაცია
ფიქსირებული სიგრძის საკონტროლო ველი 230314s1996 ge ||||| |||| 00| 0 geo d
041 ## - ენის კოდი
Language code of text/sound track or separate title geo
080 ## - უნივერსალური ათობითი კლასიფიკაციის ინდექსი
Universal Decimal Classification number 347.96(479.22) გ-48
245 ## - ცნობა სათაურის შესახებ
Title გივი ინწკირველი 70 :
Remainder of title საიუბილეო კრებული /
Statement of responsibility, etc რედაქტორი და კრებულის შემდგენელი: ლადო ჭანტურია.
264 ## - წარმოების, გამოცემის, დისტრიბუციის და სხვა ცნობები
გამოცემის, წარმოების, დისტრიბუციის... ადგილი თბისლისი :
გამოცემის, წარმოების, დისტრიბუციის... სახელწოდება "ნორმა",
გამოცემის, წარმოების, დისტრიბუციის... თარიღი 1996.
300 ## - ფიზიკური აღწერა
Extent 266 გვ.;
Other physical details 21 სმ.
500 ## - ზოგადი შენიშვნა
General note საიუბილეო კრებული იბეჭდება გაერთიანებული ქართული ბანკის ხელშეწყობით.
653 ## - INDEX TERM--UNCONTROLLED
Uncontrolled term სამოქალაქო სამართალი
653 ## - INDEX TERM--UNCONTROLLED
Uncontrolled term საიუბილეო კრებული
653 ## - INDEX TERM--UNCONTROLLED
Uncontrolled term ინწკირველი გივი
700 ## - ADDED ENTRY--PERSONAL NAME
Personal name ჭანტურია, ლადო
Relator term რედაქტორი
9 (RLIN) 17196
942 ## - ADDED ENTRY ELEMENTS (KOHA)
Source of classification or shelving scheme
Koha item type წიგნი
ეგზემპლარები
ჩამოწერის სტატუსი დაკარგული ეგზემპლარის სტატუსი კლასიფიკაციის წყარო ან თაროზე გაწყობის სქემა დაზიანების სტატუსი არ გაიცემა მუდმივი მდებარეობა (დაცვის ადგილი) ამჟამინდელი ადგილსამყოფელი თაროზე განთავსების ადგილი შეძენის თარიღი ღირებულება, შესყიდვის ნორმალური ფასი სრული შენახვის შიფრი შტრიხკოდი ბოლო ოპერაციის თარიღი ეგზემპლარის მიმდევრობითი ნომერი (კეტერი?) ფასის ძალაში შესვლის თარიღი ეგზემპლარის სახეობა საჯარო შენიშვნა
          ბათუმის შოთა რუსთაველის სახელმწიფო უნივერსიტეტის მთავარი ბიბლიოთეკა ბათუმის შოთა რუსთაველის სახელმწიფო უნივერსიტეტის მთავარი ბიბლიოთეკა წიგნსაცავი 2023-03-14 10.00 347.96(479.22) გ-48 64028 2023-03-14 64028 2023-03-14 წიგნი 10 ლ.